Geh' und sag es deinem Jesu!

Saved in:  
Bibliographic Details
Main Author: Winslow, Oktavius (Author)
Contributors: Bau, Chr. (Other)
Format: Print Book
Language:German
Subito Delivery Service: Order now.
Check availability: HBZ Gateway
WorldCat: WorldCat
Interlibrary Loan:Interlibrary Loan for the Fachinformationsdienste (Specialized Information Services in Germany)
Published: Christiansfeld Bau 1879
In:Year: 1879
Sammlungen:

MARC

LEADER 00000cam a22000002c 4500
001 303767111
003 DE-627
005 20240925132614.0
007 tu
008 991019s1879 dk ||||| 00| ||ger c
035 |a (DE-627)303767111 
035 |a (DE-576)930376711X 
035 |a (DE-599)GBV303767111 
035 |a (OCoLC)246980023 
040 |a DE-627  |b ger  |c DE-627  |e rakwb 
041 |a ger 
044 |c XA-DK 
100 1 |a Winslow, Oktavius  |4 aut 
245 1 0 |a Geh' und sag es deinem Jesu!  |c von Oktavius Winslow. Übers. u. hrsg. von Chr. Bau 
264 1 |a Christiansfeld  |b Bau  |c 1879 
300 |a 48 S  |c 8° 
336 |a Text  |b txt  |2 rdacontent 
337 |a ohne Hilfsmittel zu benutzen  |b n  |2 rdamedia 
338 |a Band  |b nc  |2 rdacarrier 
700 1 |a Bau, Chr.  |e Übers.  |4 oth 
935 |a FBGO  |a mteo 
951 |a BO 
ELC |b 1 
LOK |0 000 xxxxxcx a22 zn 4500 
LOK |0 001 4583156774 
LOK |0 003 DE-627 
LOK |0 004 303767111 
LOK |0 005 20250128083016 
LOK |0 008 240925||||||||||||||||ger||||||| 
LOK |0 040   |a DE-Tue135  |c DE-627  |d DE-Tue135 
LOK |0 092   |o n 
LOK |0 852   |a DE-Tue135 
LOK |0 852 1  |9 00 
LOK |0 866   |x SPQUE#Forschungsbibliothek Gotha#SPSAM#Bestand Theologie (bis 2024-03) 
LOK |0 935   |a FBGO  |a goth 
LOK |0 939   |a 25-09-24  |b l01 
ORI |a SA-MARC-ixtheoa001.raw